Estadísticas para Países por las Fronteras en 15 Segundos

Haz click aquí para tomar la prueba!

Estadísticas generales

  • Esta prueba ha sido tomada 713 veces
  • La puntuación promedio es 58 de 157

Respuestas en el mapa

Las respuestas están codificadas por una escala verde-roja en el mapa de la prueba según el % correcto abajo.
Cargando...
 

Estadísticas de respuestas

país % Correct
Brasil
91%
Francia
91%
China
89%
Kazajistán
88%
Rusia
88%
Mongolia
87%
Corea del Norte
87%
Surinam
85%
Perú
83%
Bolivia
83%
Argentina
82%
Paraguay
82%
Polonia
82%
Bielorrusia
81%
Ucrania
80%
Lituania
80%
Azerbaiyán
78%
Uruguay
78%
Colombia
78%
Georgia
77%
Finlandia
77%
Estonia
77%
Noruega
77%
Letonia
77%
Pakistán
76%
Nepal
76%
Venezuela
76%
India
76%
Myanmar
75%
Bután
75%
Guyana
75%
República
Centroafricana
73%
Camerún
71%
Sudán del Sur
70%
Rep Dem
del Congo
68%
Zambia
68%
Tanzania
68%
República
del Congo
68%
Angola
67%
Uganda
66%
Ruanda
66%
Burundi
66%
Gabón
65%
Estados Unidos
65%
México
64%
Afganistán
59%
Canadá
59%
Libia
58%
Suiza
54%
Níger
53%
Chad
53%
Kirguistán
51%
Laos
50%
Vietnam
50%
Alemania
49%
Tayikistán
49%
España
47%
Andorra
46%
Argelia
46%
Sudán
46%
Malí
42%
Países Bajos
41%
Bélgica
41%
Luxemburgo
41%
Italia
41%
Bangladés
40%
Austria
40%
Sri Lanka
39%
Marruecos
39%
Irak
34%
Nigeria
33%
Burkina Faso
30%
Mauritania
30%
República Checa
29%
Reino Unido
28%
Portugal
28%
Egipto
28%
Arabia Saudita
27%
Jordania
25%
Omán
25%
Chile
25%
Dinamarca
25%
Namibia
24%
Kuwait
24%
Catar
24%
Emiratos Árabes
Unidos
24%
Mónaco
23%
Eslovenia
23%
Botsuana
23%
Yemen
23%
Sudáfrica
22%
Mozambique
22%
Zimbabue
22%
Turquía
21%
Etiopía
20%
Costa de Marfil
20%
Lesoto
20%
Hungría
20%
Suazilandia
20%
Senegal
20%
San Marino
18%
Túnez
18%
Turkmenistán
18%
Ciudad del
Vaticano
18%
Guinea
18%
Bulgaria
18%
Armenia
18%
Irán
18%
Guatemala
17%
República de
Macedonia
17%
Eritrea
17%
Serbia
16%
Belice
16%
Benín
16%
Rumania
16%
Bosnia y
Herzegovina
15%
Ecuador
15%
Montenegro
15%
Croacia
15%
Kosovo
14%
Eslovaquia
11%
Israel
8%
Malasia
8%
Panamá
8%
Indonesia
8%
Kenia
8%
Liechtenstein
7%
Somalia
7%
El Salvador
6%
Timor Oriental
6%
Yibuti
6%
Honduras
6%
Costa Rica
6%
Nicaragua
6%
Papua
Nueva Guinea
6%
Siria
5%
República
Dominicana
4%
Haití
4%
Albania
4%
Grecia
4%
Tailandia
3%
Malaui
3%
Togo
3%
Ghana
3%
Moldavia
3%
Suecia
2%
Líbano
2%
Brunéi
2%
Sierra Leona
2%
Guinea-Bissau
2%
Liberia
2%
Uzbekistán
1%
Guinea Ecuatorial
1%
Camboya
1%
Corea del Sur
0%
Irlanda
0%
Gambia
0%

Distribución de puntuación

Porcentaje por número respondido

Porcentaje de gente con cada puntuación

Historial de tus puntuaciones

No has tomado esta prueba